LEADER 01536nam a2200325 u 4500 001 000000054045 003 CaOOAMICUS 005 20070226115629.0 008 001127s1917 it u000 u ita u 035 $a10862579 040 $aPUL(R)$bita 041 0 $aita$alat 100 1 $aSeneca, Lucius Annaeus,$d5/4 a.C.-65 d.C.$0(OLS)http://pul/name/4401 240 10$aOctavia$9(Seneca, Lucius Annaeus, 5/4 a.C.-65 d.C. Opere spurie e dubbie).$0(OLS)http://pul/title/72495 245 10$aIncerti poetae Octavia /$ctesto, introduzione e commento a cura di Antonio Santoro ; con prefazione di Giuseppe Albini. 246 34$aOctavia 260 $aBologna :$bN. Zanichelli,$c1917. 300 $ali, 111 p. ;$c19 cm 490 1 $aBiblioteca dei classici latini ad uso delle scuole 630 04$aOctavia (Praetexta)$xCommenti.$0(OLS)http://pul/subject/22216 700 1 $aSantoro, Antonio.$0(OLS)http://pul/name/38425 700 1 $aAlbini, Giuseppe,$d1863-1933.$0(OLS)http://pul/name/15056 830 0$aBiblioteca dei classici latini ad uso delle scuole (Zanichelli).$0(OLS)http://pul/title/72498 850 $aPUL 852 $aPUL$W1$xDP1 Fondo Ciprotti$y59$m1549 G 39$j71235$nBK-PRI$b $qFondi$B71235$CPULBib$Z2$F71235 $H $81 900 $aSeneca, Lucio Anneo,$d5/4 a.C.-65 d.C.$94401 941 1 $a1 996 $6245$aIncerti poetae Octavia$9(OLS)http://pul/title/72496 996 $6246$aOctavia$9(OLS)http://pul/title/72497 996 $6260$aBologna :$bN. Zanichelli$9(OLS)http://pul/publisher/47939 LEADER 01669nam a2200349 u 4500 001 000000114464 003 CaOOAMICUS 005 20090706130420.0 008 090204s2009 it u000 u ita r 040 $aPUL$bita$dLDB 041 1 $aita$hgrc 100 0 $aPlato,$d427-347 a.C.$0(OLS)http://pul/name/250 240 10$aRespublica.$lItaliano.$0(OLS)http://pul/title/143843 245 10$aRepubblica /$cPlatone ; saggio introduttivo, saggio integrativo e apparati di Giovanni Reale ; traduzione e note di Roberto Radice e Giovanni Reale. 260 $aMilano :$bBompiani ;$aMilano :$bR.C.S. Quotidiani,$cc2009. 300 $a756 p. ;$c22 cm 490 1 $aClassici del pensiero occidentale ;$v01 500 $aEdizione speciale per il Corriere della Sera. 500 $aIndici : p. 688-756. 504 $aBiblografia : p. 680-686. 700 1 $aRadice, Roberto.$0(OLS)http://pul/name/1240 700 1 $aReale, Giovanni,$d1931-2014.$0(OLS)http://pul/name/667 700 0 $aPlato,$d427-347 a.C.$tRespublica.$0(OLS)http://pul/nameTitle/851$0(OLS)http://pul/name/250$0(OLS)http://pul/title/70179 830 0$aClassici del pensiero occidentale,$x1824-45800 ;$v01.$0(OLS)http://pul/title/143845 850 $aPUL 852 $aPUL$W1$xSL Filosofia 3$y81$m103 COLL 5.1$j130779$qDDC 21$q $B129871$CPULBib$Z2$F129871 $H109450 $81 900 $aPlatone,$d427-347 a.C.$9250 900 $aPlatone,$d427-347 a.C.$9250 941 1 $a9 996 $6245$aRepubblica$9(OLS)http://pul/title/143844 996 $6260$aMilano :$bBompiani$9(OLS)http://pul/publisher/48240 996 $6260$aMilano :$bR.C.S. Quotidiani$9(OLS)http://pul/publisher/79195